书目信息 |
| 题名: |
TOEFL阅读测试与解题策略
|
|
| 作者: | 范红 , 董连红 编著 | |
| 分册: | ||
| 出版信息: | 北京 国防工业出版社 2004.5 |
|
| 页数: | 306页 | |
| 开本: | 23cm | |
| 丛书名: | 留学英语考试高分阅读系列 | |
| 单 册: | ||
| 中图分类: | H319.4 | |
| 科图分类: | ||
| 主题词: | 英语--ying yu--阅读教学--高等教育--自学参考资料 , 阅读教学--yue du jiao xue , 英语--ying yu | |
| 电子资源: | ||
| ISBN: | 7-118-03430-4 | |
| 000 | 01269nam0 2200337 450 | |
| 000 | 01298nam0 2200337 450 | |
| 000 | 01261nam0 2200325 450 | |
| 000 | 01244nam0 2200325 450 | |
| 000 | 01207nam 2200313 450 | |
| 001 | CAL 012006045030 | |
| 005 | 20061026150046.56 | |
| 010 | @a7-118-03430-4@dCNY28.00 | |
| 099 | @aCAL 012006045030 | |
| 100 | @a20060830d2004 em y0chiy0120 ea | |
| 102 | @aCN@b110000 | |
| 105 | @achi@aeng | |
| 105 | @ay z 000yy | |
| 200 | 1 | @aTOEFL阅读测试与解题策略@ATOEFL yue du ce shi yu jie ti ce lue@f范红, 董连红编著 |
| 210 | @a北京@c国防工业出版社@d2004.5 | |
| 215 | @a306页@d23cm | |
| 225 | 2 | @a留学英语考试高分阅读系列@Aliu xue ying yu kao shi gao fen yue du xi lie |
| 330 | @a本书共分4部分, 第1部分为总论, 讲述了一般的阅读方法、技巧以及具体到应付TOEFL考试的阅读方法和技巧; 第2部分是TOEFL阅读试题分析; 第3部分是TOELF阅读模拟试题, 并给出了简要的解释; 第4部分是TOEFL阅读自我训练。 | |
| 410 | 0 | @12001 @a留学英语考试高分阅读系列 |
| 606 | 0 | @a英语@Aying yu@x阅读教学@x高等教育@j自学参考资料 |
| 606 | 0 | @a阅读教学@Ayue du jiao xue |
| 606 | 0 | @a英语@Aying yu |
| 690 | @aH319.4@v4 | |
| 701 | 0 | @a范红@Afan hong@4编著 |
| 701 | 0 | @a董连红@Adong lian hong@4编著 |
| 801 | 0 | @aCN@c20061026 |
| 905 | @a10447@dH319.4@eF112 | |
| TOEFL阅读测试与解题策略/范红, 董连红编著.-北京:国防工业出版社,2004.5 |
| 306页;23cm.-(留学英语考试高分阅读系列) |
| ISBN 7-118-03430-4:CNY28.00 |
| 本书共分4部分, 第1部分为总论, 讲述了一般的阅读方法、技巧以及具体到应付TOEFL考试的阅读方法和技巧; 第2部分是TOEFL阅读试题分析; 第3部分是TOELF阅读模拟试题, 并给出了简要的解释; 第4部分是TOEFL阅读自我训练。 |
| ● |
| 相关链接 |
|
|
|
正题名:TOEFL阅读测试与解题策略
索取号:H319.4/F112
 
预约/预借
| 序号 | 登录号 | 条形码 | 馆藏地/架位号 | 状态 | 备注 |
| 1 | 630317 | 206303178 | 语言库209/209语言库 14排1列6层/ [索取号:H319.4/F112] | 在馆 | |
| 2 | 630318 | 206303187 | 语言库209/209语言库 14排1列6层/ [索取号:H319.4/F112] | 在馆 | |
| 3 | 630319 | 206303196 | 语言库209/209语言库 14排1列6层/ [索取号:H319.4/F112] | 在馆 |